00629nam a2200169 i 450000100060000000300090000600500170001500700030003200800410003524501360007625000120021226000430022430000220026785200320028999900170032195201210033846238ES-MaACL20230906161340.0t|030328s1970 mx ||||1| spa d00aCompilación alfabética semanario judicial de la Federación b: sexta época cuarta parte : ejecutorias de la tercera sala... a1ª ed. aMéxico, D.F. : bCárdenas, c1970. a851 p. ; c24 cm. aES-MaACLjE-9211 bR.93953 c46238d46238 00104070aATENEOMbATENEOMcDEPO2d2008-01-17eSCl0oE-9211p1048635r2023-02-23 00:00:00w2023-02-23yMONOGRAFIA